000 00278nam a22001337a 4500
008 181018b xxu||||| |||| 00| 0 eng d
020 _a0716718111
041 _aeng
080 _a591
100 _a9
101 _aZOO
245 _aThe Hourse
_cEvans.J.W
942 _2udc
_cBK
999 _c50107
_d50107